Nietzche, le corps et la culture (Record no. 34353)

MARC details
000 -LEADER
campo de control de longitud fija 00790nam a2200241 i 4500
001 - NÚMERO DE CONTROL
campo de control 34353
003 - IDENTIFICADOR DE NÚMERO DE CONTROL
campo de control ES-MaACL
005 - FECHA Y HORA DE LA ÚLTIMA TRANSACCIÓN
campo de control 20230906154922.0
007 - CAMPO FIJO DE DESCRIPCIÓN FÍSICA--INFORMACIÓN GENERAL
campo de control de longitud fija t|
008 - DATOS DE LONGITUD FIJA--INFORMACIÓN GENERAL
campo de control de longitud fija 030204s1986 fr ||||1| fre d
020 ## - NÚMERO INTERNACIONAL ESTÁNDAR DEL LIBRO
Número Internacional Estándar del Libro 2-13-039208
100 1# - ENTRADA PRINCIPAL--NOMBRE DE PERSONA
Nombre de persona Blondel, Eric.
9 (RLIN) 29545
245 10 - MENCIÓN DEL TÍTULO
Título Nietzche, le corps et la culture
Resto del título : la philosophie comme généalogie philologique /
Mención de responsabilidad, etc. Eric Blondel.
260 ## - PUBLICACIÓN, DISTRIBUCIÓN, ETC.
Lugar de publicación, distribución, etc. Paris :
Nombre del editor, distribuidor, etc. Presses Universitaires de France,
Fecha de publicación, distribución, etc. 1986.
300 ## - DESCRIPCIÓN FÍSICA
Extensión 357 p. ;
Dimensiones 22 cm.
490 1# - MENCIÓN DE SERIE
Mención de serie Philosophie d'aujourd'hui
500 ## - NOTA GENERAL
Nota general Indice.
504 ## - NOTA DE BIBLIOGRAFÍA, ETC.
Nota de bibliografía, etc. Bibliografía.
600 14 - PUNTO DE ACCESO ADICIONAL DE MATERIA--NOMBRE DE PERSONA
Nombre de persona Nietzsche, Friedrich,
Fechas asociadas al nombre 1844-1900-
Subdivisión general Crítica e interpretación
9 (RLIN) 85721
830 0# - PUNTO DE ACCESO ADICIONAL DE SERIE-TÍTULO UNIFORME
Título uniforme Philosophie d'aujourd'hui
9 (RLIN) 179543
852 ## - LOCALIZACIÓN
Ubicación ES-MaACL
Número de control de estantería L-11680
Sublocalización o colección R.113474
Holdings
Estatus retirado Estado de pérdida Estado de daño No para préstamo Biblioteca de origen Biblioteca actual Ubicación en estantería Fecha de adquisición Fuente de adquisición Total de préstamos Signatura topográfica completa Código de barras Visto por última vez Precio de reemplazo Tipo de ítem Koha
        Biblioteca del Ateneo de Madrid Biblioteca del Ateneo de Madrid Depósito 2 17/01/2008     L-11680 1035829 23/02/2023 23/02/2023 Libro impreso